| 000 | 01271nam a2200241 4500 | ||
|---|---|---|---|
| 001 | 768714001 | ||
| 003 | CO-MdFUSB | ||
| 005 | 20240710074723.0 | ||
| 008 | 240710t1980 sz ||||| |||| 00| 0 eng d | ||
| 040 |
_bspa _cCO-MdFUSB _dCO-MdFUSB |
||
| 041 | _aeng | ||
| 100 |
_aHomrighausen, Elmer C., _eautor |
||
| 245 |
_aReformed faith and its call for a competent ministry _c/ Elmer C. Homrighausen |
||
| 520 | _aLas siguientes tesis fueron desarrolladas como una serie de temas de discusión para una de las sesiones del Consejo de Seminarios Teológicos de la Iglesia Presbiteriana Unida, EE.UU. Dado el debate contemporáneo en torno a la ordenación al ministerio, los requisitos educativos, la vocación y las implicaciones de las relaciones seminario/iglesia, aquí hay preguntas de relevancia para todas las iglesias reformadas y en la oikoumene en general. | ||
| 546 | _aTexto en inglés. | ||
| 650 | 0 |
_aReforma de la iglesia _9958 |
|
| 650 | 7 |
_aTeología pastoral y unidad cristiana _97183 |
|
| 650 | 7 |
_aFe _9531 |
|
| 650 | 7 |
_aDios _9178 |
|
| 773 | 0 |
_049396 _982819 _dGinebra _oR1157 _tReformed World _w(CO-MdFUSB)38 _x0034-3056 _gVolumen 36, (número 3, 1980) páginas: 117 - 121 _qpágina: 117 |
|
| 942 | _cANA | ||
| 945 | _aCatherine Arias Álvarez - Practicante SENA | ||
| 999 |
_c70467 _d70467 |
||